000 03399cam a2200397 i 4500
001 19018298
003 OSt
005 20180116183104.0
008 160317s2016 nju b 001 0 eng
010 _a 2016000660
020 _a9781119150831 (hardback : alk. paper)
020 _z9781119150886 (ePDF)
020 _z9781119150893 (epub)
040 _aDLC
_beng
_cDLC
_erda
_dDLC
042 _apcc
050 0 0 _aHD30.3
_b.B655 2016
082 0 0 _a650.13
_223
084 _aBUS041000
_2bisacsh
100 1 _aBolman, Lee G.
_eauthor.
245 1 0 _aEngagement .
_btransforming difficult relationships at work .
_cLee G. Bolman, Joan V. Gallos.
250 _a1st.
260 _aNew Jersey.
_bJohn Wiley & Sons.
_c2016
300 _axxvii, 178 pages ;
_c24 cm
500 _aHard Cover
504 _aIncludes bibliographical references (pages 155-165) and index.
520 _a"Master the interpersonal side of management to enhance productivity and boost success Engagement is the manager's essential primer for dealing with difficult people and managing your team. Bestselling authors Lee G. Bolman and Joan V. Gallos are back with an engaging business novella that relates real, practical techniques captured in the 4-step SURE model for handling people problems. The story centers around a manager in a new job, and her experiences applying the four steps in leading her new team. Brief interludes punctuate the story throughout to provide room for reflection, and to explain the complex interpersonal dynamics at play in commonly encountered situations. Key lessons are underscored as the foundation for a sound people strategy, and the features and details of each rule are laid out in a clear, concise manner. You'll learn alongside the story's manager as she uses the model to find artful solutions to problems that could have easily derailed her chances of success. People are the hardest part of a manger's job. No matter how well-matched their skill sets, there is always the potential for interpersonal conflicts and strains to throw the team off-course. This book shows you deft strategies for addressing those challenges with a well thought-out framework for getting your team fully invested in the group's success. Find creative solutions to persistent issues Dig into the interpersonal dynamics at work Learn how to handle--and manage--difficult people Apply key strategies for engaging the team This compact, easy-to-apply set of guidelines draws on your leadership skills while providing a strong foundation for a new managerial approach. Effective management is frequently a tightrope between results and morale, and Engagement shows you how to find your balance and steady your team"--
520 _a"The book is written as a business novella, with brief "interludes" that periodically punctuate the story to encourage reflection, dig deeply into the dynamics and features of each of the six rules, and underscore key lessons for putting the six rules of engagement into practice"--
600 _aBolman, Lee G.
650 0 _aCommunication in management.
650 0 _aInterpersonal relations.
650 0 _aLeadership.
700 1 _aGallos, Joan V.,
_eauthor.
906 _a7
_bcbc
_corignew
_d1
_eecip
_f20
_gy-gencatlg
942 _2ddc
_cBK
_k650.13
999 _c351977
_d351977